Heksenjong, (Record no. 5509)

MARC details
000 -LEADER
fixed length control field 00517cam a22001931 4500
001 - CONTROL NUMBER
control field af 48003305
003 - CONTROL NUMBER IDENTIFIER
control field DLC
005 - DATE AND TIME OF LATEST TRANSACTION
control field 20260227110901.0
008 - FIXED-LENGTH DATA ELEMENTS--GENERAL INFORMATION
fixed length control field 890425s1944 be 000 1 dut c
010 ## - LIBRARY OF CONGRESS CONTROL NUMBER
LC control number af 48003305
035 ## - SYSTEM CONTROL NUMBER
System control number (OCoLC)19601005
040 ## - CATALOGING SOURCE
Original cataloging agency California. Univ. Libr.
Transcribing agency CU
Modifying agency DLC
042 ## - AUTHENTICATION CODE
Authentication code premarc
050 00 - LIBRARY OF CONGRESS CALL NUMBER
Classification number PT6407.B5
Item number H4
100 1# - MAIN ENTRY--PERSONAL NAME
Personal name Blommaert, Aloïs,
Dates associated with a name 1912-
245 10 - TITLE STATEMENT
Title Heksenjong,
Remainder of title roman van mensch en natuur.
260 ## - PUBLICATION, DISTRIBUTION, ETC.
Place of publication, distribution, etc. Brussel,
Name of publisher, distributor, etc. J. Meuwissen,
Date of publication, distribution, etc. 1944.
300 ## - PHYSICAL DESCRIPTION
Extent 183 p.
Dimensions 20 cm.

No items available.

Powered by Koha